Psicología para todos : (Record no. 24081)
[ view plain ]
| 000 -CABECERA | |
|---|---|
| campo de control de longitud fija | 01629nam a2200433 i 4500 |
| 001 - NÚMERO DE CONTROL | |
| campo de control | 000024588 |
| 003 - IDENTIFICADOR DEL NÚMERO DE CONTROL | |
| campo de control | DO-SdBNP |
| 005 - FECHA Y HORA DE LA ÚLTIMA TRANSACCIÓN | |
| campo de control | 20260226083421.0 |
| 007 - CAMPO FIJO DE DESCRIPCIÓN FÍSICA--INFORMACIÓN GENERAL | |
| campo de control de longitud fija | ta |
| 008 - DATOS DE LONGITUD FIJA--INFORMACIÓN GENERAL | |
| campo de control de longitud fija | 110201s2012 sp a e 001 0 spa d |
| 020 ## - NÚMERO INTERNACIONAL ESTÁNDAR DEL LIBRO | |
| Número Internacional Estándar del Libro | 9788449436659 (obra completa) |
| 020 ## - NÚMERO INTERNACIONAL ESTÁNDAR DEL LIBRO | |
| Número Internacional Estándar del Libro | 9788449436666 (v. 1) |
| 020 ## - NÚMERO INTERNACIONAL ESTÁNDAR DEL LIBRO | |
| Número Internacional Estándar del Libro | 9788449436673 (v. 2) |
| 020 ## - NÚMERO INTERNACIONAL ESTÁNDAR DEL LIBRO | |
| Número Internacional Estándar del Libro | 9788449436680 (v. 3) |
| 020 ## - NÚMERO INTERNACIONAL ESTÁNDAR DEL LIBRO | |
| Número Internacional Estándar del Libro | 9788449436697 (v. 4) |
| 040 ## - FUENTE DE LA CATALOGACIÓN | |
| Centro catalogador/agencia de origen | DO-SdBNP |
| Lengua de catalogación | spa |
| Centro/agencia transcriptor | BNPHU |
| Normas de descripción | rda |
| 041 ## - CÓDIGO DE LENGUA | |
| Código de lengua del texto/banda sonora o título independiente | spa |
| 082 #4 - NÚMERO DE LA CLASIFICACIÓN DECIMAL DEWEY | |
| Número de clasificación | 150 |
| Número de documento/Ítem | P974p |
| Número de edición | 22 |
| 245 00 - MENCIÓN DE TÍTULO | |
| Título | Psicología para todos : |
| Resto del título | guía completa para el crecimiento personal / |
| Mención de responsabilidad, etc. | dirección Carlos de Gispert. |
| 264 #4 - PRODUCCIÓN, PUBLICACIÓN, DISTRIBUCIÓN, FABRICACIÓN Y COPYRIGHT | |
| Producción, publicación, distribución, fabricación y copyright | Barcelona, España : |
| Nombre del de productor, editor, distribuidor, fabricante | Oceano, |
| Fecha de producción, publicación, distribución, fabricación o copyright | ©2012 |
| 300 ## - DESCRIPCIÓN FÍSICA | |
| Extensión | 4 volúmenes : |
| Otras características físicas | ilustraciones ; |
| Dimensiones | 25 cm. |
| 336 ## - TIPO DE CONTENIDO | |
| Término de tipo de contenido | texto |
| Código de tipo de contenido | txt |
| Fuente | rdacontent |
| 337 ## - TIPO DE MEDIO | |
| Nombre/término del tipo de medio | sin mediación |
| Código del tipo de medio | n |
| Fuente | rdamedia |
| 338 ## - TIPO DE SOPORTE | |
| Nombre/término del tipo de soporte | volumen |
| Código del tipo de soporte | nc |
| Fuente | rdacarrier |
| 500 ## - NOTA GENERAL | |
| Nota general | Texto a dos columnas |
| 500 ## - NOTA GENERAL | |
| Nota general | Incluye índice |
| 505 0# - NOTA DE CONTENIDO CON FORMATO | |
| Nota de contenido con formato | v.1-- |
| Título | Aprendizaje, conducta y emociones -- |
| Información miscelánea | v.2-- |
| Título | Capacidades, personalidad y socialización -- |
| Información miscelánea | v.3-- |
| Título | Relaciones de grupo, estrés y dolor -- |
| Información miscelánea | v.4-- |
| Título | Trastornos, somatizaciones y terapias. |
| 590 ## - NOTA LOCAL (RLIN) | |
| Nota local | Inventariado, 2024/ YL |
| 650 #4 - PUNTO DE ACCESO ADICIONAL DE MATERIA--TÉRMINO DE MATERIA | |
| Término de materia o nombre geográfico como elemento de entrada | Psicología |
| 9 (RLIN) | 152 |
| 650 #4 - PUNTO DE ACCESO ADICIONAL DE MATERIA--TÉRMINO DE MATERIA | |
| Término de materia o nombre geográfico como elemento de entrada | Aprendizaje |
| 9 (RLIN) | 812 |
| 650 #7 - PUNTO DE ACCESO ADICIONAL DE MATERIA--TÉRMINO DE MATERIA | |
| Término de materia o nombre geográfico como elemento de entrada | Conducta de vida |
| Fuente del encabezamiento o término | LIBRUNAM |
| 9 (RLIN) | 11947 |
| 700 1# - PUNTO DE ACCESO ADICIONAL--NOMBRE DE PERSONA | |
| Nombre de persona | Gispert, Carlos, |
| 9 (RLIN) | 11248 |
| Término indicativo de función/relación | dirección |
| Código de función/relación | dir. |
| 740 02 - PUNTO DE ACCESO ADICIONAL--TÍTULO RELACIONADO O ANALÍTICO NO CONTROLADO | |
| Título relacionado o analítico no controlado | Aprendizaje, conducta y emociones |
| 740 02 - PUNTO DE ACCESO ADICIONAL--TÍTULO RELACIONADO O ANALÍTICO NO CONTROLADO | |
| Título relacionado o analítico no controlado | Capacidades, personalidad y socialización |
| 740 02 - PUNTO DE ACCESO ADICIONAL--TÍTULO RELACIONADO O ANALÍTICO NO CONTROLADO | |
| Título relacionado o analítico no controlado | Relaciones de grupo, estrés y dolor |
| 740 02 - PUNTO DE ACCESO ADICIONAL--TÍTULO RELACIONADO O ANALÍTICO NO CONTROLADO | |
| Título relacionado o analítico no controlado | Trastornos, somatizaciones y terapias |
| 910 ## - DATOS DE OPCIÓN DEL USUARIO (OCLC) | |
| Datos de opción del usuario | YLockward/ Validado. Control de calidad MFF |
| 942 ## - ELEMENTOS DE PUNTO DE ACCESO ADICIONAL (KOHA) | |
| Fuente del sistema de clasificación o colocación | Dewey Decimal Classification |
| Tipo de ítem Koha | Libro |
| Estado de retiro | Estado de pérdida | Fuente del sistema de clasificación o colocación | Restricciones de uso | No para préstamo | Código de colección | Localización permanente | Ubicación/localización actual | Ubicación en estantería | Fecha de adquisición | Fuente de adquisición | Total de préstamos | Signatura topográfica completa | Código de barras | Fecha visto por última vez | Número de copia | Precio válido a partir de | Tipo de ítem Koha |
|---|---|---|---|---|---|---|---|---|---|---|---|---|---|---|---|---|---|
| Dewey Decimal Classification | Préstamo en sala | Referencia General | Biblioteca Nacional Pedro Henríquez Ureña | Biblioteca Nacional Pedro Henríquez Ureña | Depósito | 07.08.2012 | Compra | BNPHU R-GR 150 P974p | 24588-10 | 25.06.2020 | v. 1 | 25.06.2020 | Libro | ||||
| Dewey Decimal Classification | Excluido de préstamo | Referencia General | Biblioteca Nacional Pedro Henríquez Ureña | Biblioteca Nacional Pedro Henríquez Ureña | Depósito | 07.08.2012 | Compra | BNPHU R-GR 150 P974p | 24588-100 | 25.06.2020 | v. 4 | 25.06.2020 | Libro | ||||
| Dewey Decimal Classification | Préstamo en sala | Referencia General | Biblioteca Nacional Pedro Henríquez Ureña | Biblioteca Nacional Pedro Henríquez Ureña | Depósito | 07.08.2012 | Compra | BNPHU R-GR 150 P974p | 24588-110 | 25.06.2020 | v. 4 e. 2 | 25.06.2020 | Libro | ||||
| Dewey Decimal Classification | Préstamo en sala | Referencia General | Biblioteca Nacional Pedro Henríquez Ureña | Biblioteca Nacional Pedro Henríquez Ureña | Depósito | 07.08.2012 | Compra | BNPHU R-GR 150 P974p | 24588-120 | 25.06.2020 | v. 4 e. 3 | 25.06.2020 | Libro | ||||
| Dewey Decimal Classification | Préstamo en sala | Referencia General | Biblioteca Nacional Pedro Henríquez Ureña | Biblioteca Nacional Pedro Henríquez Ureña | Depósito | 07.08.2012 | Compra | BNPHU R-GR 150 P974p | 24588-20 | 25.06.2020 | v. 1 e. 2 | 25.06.2020 | Libro | ||||
| Dewey Decimal Classification | Préstamo en sala | Referencia General | Biblioteca Nacional Pedro Henríquez Ureña | Biblioteca Nacional Pedro Henríquez Ureña | Depósito | 07.08.2012 | Compra | BNPHU R-GR 150 P974p | 24588-30 | 25.06.2020 | v. 1 e. 3 | 25.06.2020 | Libro | ||||
| Dewey Decimal Classification | Préstamo en sala | Referencia General | Biblioteca Nacional Pedro Henríquez Ureña | Biblioteca Nacional Pedro Henríquez Ureña | Depósito | 07.08.2012 | Compra | BNPHU R-GR 150 P974p | 24588-40 | 25.06.2020 | v. 2 | 25.06.2020 | Libro | ||||
| Dewey Decimal Classification | Préstamo en sala | Referencia General | Biblioteca Nacional Pedro Henríquez Ureña | Biblioteca Nacional Pedro Henríquez Ureña | Depósito | 07.08.2012 | Compra | BNPHU R-GR 150 P974p | 24588-50 | 25.06.2020 | v. 2 e. 2 | 25.06.2020 | Libro | ||||
| Dewey Decimal Classification | Préstamo en sala | Referencia General | Biblioteca Nacional Pedro Henríquez Ureña | Biblioteca Nacional Pedro Henríquez Ureña | Depósito | 07.08.2012 | Compra | BNPHU R-GR 150 P974p | 24588-60 | 25.06.2020 | v. 2 e. 3 | 25.06.2020 | Libro | ||||
| Dewey Decimal Classification | Préstamo en sala | Referencia General | Biblioteca Nacional Pedro Henríquez Ureña | Biblioteca Nacional Pedro Henríquez Ureña | Depósito | 07.08.2012 | Compra | BNPHU R-GR 150 P974p | 24588-70 | 25.06.2020 | v. 3 | 25.06.2020 | Libro | ||||
| Dewey Decimal Classification | Préstamo en sala | Referencia General | Biblioteca Nacional Pedro Henríquez Ureña | Biblioteca Nacional Pedro Henríquez Ureña | Depósito | 07.08.2012 | Compra | BNPHU R-GR 150 P974p | 24588-80 | 25.06.2020 | v. 3 e. 2 | 25.06.2020 | Libro | ||||
| Dewey Decimal Classification | Préstamo en sala | Referencia General | Biblioteca Nacional Pedro Henríquez Ureña | Biblioteca Nacional Pedro Henríquez Ureña | Depósito | 07.08.2012 | Compra | BNPHU R-GR 150 P974p | 24588-90 | 25.06.2020 | v. 3 e. 3 | 25.06.2020 | Libro | ||||
| Dewey Decimal Classification | Préstamo en sala | Referencia General | Biblioteca Nacional Pedro Henríquez Ureña | Biblioteca Nacional Pedro Henríquez Ureña | Depósito | 07.08.2012 | Compra | BNPHU R-GR 150 P974p | 2024-4714 | 08.08.2024 | v. 1 e. 4 | 08.08.2024 | Libro | ||||
| Dewey Decimal Classification | Préstamo en sala | Referencia General | Biblioteca Nacional Pedro Henríquez Ureña | Biblioteca Nacional Pedro Henríquez Ureña | Depósito | 07.08.2012 | Compra | BNPHU R-GR 150 P974p | 2024-4715 | 08.08.2024 | v. 1 e. 5 | 08.08.2024 | Libro | ||||
| Dewey Decimal Classification | Préstamo en sala | Referencia General | Biblioteca Nacional Pedro Henríquez Ureña | Biblioteca Nacional Pedro Henríquez Ureña | Depósito | 07.08.2012 | Compra | BNPHU R-GR 150 P974p | 2024-4716 | 08.08.2024 | v. 2 e. 4 | 08.08.2024 | Libro | ||||
| Dewey Decimal Classification | Préstamo en sala | Referencia General | Biblioteca Nacional Pedro Henríquez Ureña | Biblioteca Nacional Pedro Henríquez Ureña | Depósito | 07.08.2012 | Compra | BNPHU R-GR 150 P974p | 2024-4717 | 08.08.2024 | v. 2 v. 5 | 08.08.2024 | Libro | ||||
| Dewey Decimal Classification | Préstamo en sala | Referencia General | Biblioteca Nacional Pedro Henríquez Ureña | Biblioteca Nacional Pedro Henríquez Ureña | Depósito | 07.08.2012 | Compra | BNPHU R-GR 150 P974p | 2024-4719 | 08.08.2024 | v. 3 e. 4 | 08.08.2024 | Libro | ||||
| Dewey Decimal Classification | Préstamo en sala | Referencia General | Biblioteca Nacional Pedro Henríquez Ureña | Biblioteca Nacional Pedro Henríquez Ureña | Depósito | 07.08.2012 | Compra | BNPHU R-GR 150 P974p | 2024-4720 | 08.08.2024 | v. 3 e. 5 | 08.08.2024 | Libro | ||||
| Dewey Decimal Classification | Préstamo en sala | Referencia General | Biblioteca Nacional Pedro Henríquez Ureña | Biblioteca Nacional Pedro Henríquez Ureña | Depósito | 07.08.2012 | Compra | BNPHU R-GR 150 P974p | 2024-4721 | 08.08.2024 | v. 4 e. 4 | 08.08.2024 | Libro | ||||
| Dewey Decimal Classification | Préstamo en sala | Referencia General | Biblioteca Nacional Pedro Henríquez Ureña | Biblioteca Nacional Pedro Henríquez Ureña | Depósito | 07.08.2012 | Compra | BNPHU R-GR 150 P974p | 2024-4722 | 08.08.2024 | v. 4 e. 5 | 08.08.2024 | Libro |
